000
00312nam a22001457a 4500
003
SGT
020
_a
978-81-888836-43-5
082
_a
618.92
_b
I17R
100
_a
RAMAR, R.
245
_a
INTERVENTION FOR SLOW LEARNERS
250
_a
1ST
260
_a
INDIA
_b
SONALI
_c
2017
300
_a
241
942
_2
ddc
_c
BK
999
_c
15517
_d
15517